<?xml version="1.0" encoding="UTF-8"?>
<record
    xmlns:xsi="http://www.w3.org/2001/XMLSchema-instance"
    xsi:schemaLocation="http://www.loc.gov/MARC21/slim http://www.loc.gov/standards/marcxml/schema/MARC21slim.xsd"
    xmlns="http://www.loc.gov/MARC21/slim">

  <leader>01239nam a2200409 u 4500</leader>
  <controlfield tag="001">943205</controlfield>
  <controlfield tag="005">20260506155800.0</controlfield>
  <controlfield tag="008">050906s1996                        spa  </controlfield>
  <datafield tag="020" ind1=" " ind2=" ">
    <subfield code="a">8476983891</subfield>
  </datafield>
  <datafield tag="035" ind1=" " ind2=" ">
    <subfield code="a">943205</subfield>
  </datafield>
  <datafield tag="035" ind1=" " ind2=" ">
    <subfield code="a">(OCoLC)35988403</subfield>
  </datafield>
  <datafield tag="040" ind1=" " ind2=" ">
    <subfield code="c">comduadb</subfield>
  </datafield>
  <datafield tag="041" ind1=" " ind2=" ">
    <subfield code="a">spa</subfield>
  </datafield>
  <datafield tag="082" ind1=" " ind2="4">
    <subfield code="a">343</subfield>
  </datafield>
  <datafield tag="100" ind1="1" ind2="0">
    <subfield code="a">Sanz de la Garza, Joaquim Homs</subfield>
    <subfield code="4">aut</subfield>
    <subfield code="e">aut</subfield>
    <subfield code="9">407679</subfield>
  </datafield>
  <datafield tag="245" ind1="1" ind2="0">
    <subfield code="a">Trastorno mental transitorio y drogas que inciden en la imputabilidad</subfield>
  </datafield>
  <datafield tag="260" ind1=" " ind2=" ">
    <subfield code="a">Barcelona :</subfield>
    <subfield code="b">Jose Maria Bosch,</subfield>
    <subfield code="c">1996.</subfield>
  </datafield>
  <datafield tag="300" ind1=" " ind2=" ">
    <subfield code="a">530 p&#xE1;ginas</subfield>
  </datafield>
  <datafield tag="650" ind1=" " ind2="7">
    <subfield code="a">Trastornos mentales</subfield>
    <subfield code="2">dcs</subfield>
    <subfield code="9">70429</subfield>
  </datafield>
  <datafield tag="650" ind1=" " ind2="7">
    <subfield code="a">Esquizofrenia</subfield>
    <subfield code="2">lemb</subfield>
    <subfield code="9">41950</subfield>
  </datafield>
  <datafield tag="650" ind1=" " ind2=" ">
    <subfield code="a">Estado de &#xE1;nimo</subfield>
    <subfield code="9">64798</subfield>
  </datafield>
  <datafield tag="650" ind1=" " ind2="7">
    <subfield code="a">Sadismo</subfield>
    <subfield code="2">lemb</subfield>
    <subfield code="9">43778</subfield>
  </datafield>
  <datafield tag="650" ind1=" " ind2=" ">
    <subfield code="a">Epilepsia</subfield>
    <subfield code="9">4478</subfield>
  </datafield>
  <datafield tag="650" ind1=" " ind2=" ">
    <subfield code="a">Cleptomania</subfield>
    <subfield code="9">67331</subfield>
  </datafield>
  <datafield tag="650" ind1=" " ind2=" ">
    <subfield code="a">Piromania</subfield>
    <subfield code="9">86298</subfield>
  </datafield>
  <datafield tag="650" ind1=" " ind2=" ">
    <subfield code="a">Drogas - Toxicologia</subfield>
    <subfield code="9">175662</subfield>
  </datafield>
  <datafield tag="650" ind1=" " ind2="7">
    <subfield code="a">Drogadicci&#xF3;n</subfield>
    <subfield code="2">lemb</subfield>
    <subfield code="9">5448</subfield>
  </datafield>
  <datafield tag="650" ind1=" " ind2=" ">
    <subfield code="a">Opioides</subfield>
    <subfield code="9">33475</subfield>
  </datafield>
  <datafield tag="650" ind1=" " ind2=" ">
    <subfield code="a">Alcohol</subfield>
    <subfield code="9">5098</subfield>
  </datafield>
  <datafield tag="650" ind1=" " ind2="7">
    <subfield code="a">Alcoholismo</subfield>
    <subfield code="2">embne</subfield>
    <subfield code="9">1602</subfield>
  </datafield>
  <datafield tag="650" ind1=" " ind2=" ">
    <subfield code="a">Toxicologia del alcohol</subfield>
    <subfield code="9">37970</subfield>
  </datafield>
  <datafield tag="650" ind1=" " ind2="7">
    <subfield code="a">Plantas alucin&#xF3;genas</subfield>
    <subfield code="2">lemb</subfield>
    <subfield code="9">4090</subfield>
  </datafield>
  <datafield tag="650" ind1=" " ind2=" ">
    <subfield code="a">Barbituricos</subfield>
    <subfield code="9">1974</subfield>
  </datafield>
  <datafield tag="650" ind1=" " ind2=" ">
    <subfield code="a">Inhalantes</subfield>
    <subfield code="9">31234</subfield>
  </datafield>
  <datafield tag="650" ind1=" " ind2="7">
    <subfield code="a">Trastornos psic&#xF3;ticos</subfield>
    <subfield code="2">dcs</subfield>
    <subfield code="9">70769</subfield>
  </datafield>
  <datafield tag="942" ind1=" " ind2=" ">
    <subfield code="c">BOOK</subfield>
  </datafield>
  <datafield tag="999" ind1=" " ind2=" ">
    <subfield code="c">366364</subfield>
    <subfield code="d">366364</subfield>
  </datafield>
  <datafield tag="952" ind1=" " ind2=" ">
    <subfield code="0">0</subfield>
    <subfield code="1">0</subfield>
    <subfield code="4">0</subfield>
    <subfield code="7">0</subfield>
    <subfield code="8">GEN</subfield>
    <subfield code="a">BC</subfield>
    <subfield code="b">BC</subfield>
    <subfield code="d">2005-09-07</subfield>
    <subfield code="e">Francisco Hurtado</subfield>
    <subfield code="g">212850.00</subfield>
    <subfield code="i">C880603</subfield>
    <subfield code="l">1</subfield>
    <subfield code="o">343.2 S238t</subfield>
    <subfield code="p">0565251</subfield>
    <subfield code="r">2023-11-28 00:00:00</subfield>
    <subfield code="s">2023-11-22</subfield>
    <subfield code="t">1</subfield>
    <subfield code="w">2023-04-26</subfield>
    <subfield code="y">BOOK</subfield>
  </datafield>
</record>
